01415nam a2200361Ia 4500001001200000003000800012006001900020007001500039008004100054010001700095020001500112040002100127035002000148050002800168082001800196245012300214250001200337260007900349300002500428490001700453500002100470504005100491533015200542630002000694630001000714650002500724655002900749700001800778710009600796710001700892830001800909856012600927ebr10112908CaPaEBRm u cr cn|||||||||040625s2004 caua sb 001 0 eng d z 2004273422 z0738498483 aCaPaEBRcCaPaEBR a(OCoLC)8024592314aQA76.9.D3bI1353 2004eb04a005.75/8522200aIBM DB2 Data Archive Expert for z/OSh[electronic resource] :bput your data in its place /c[Paolo Bruni ... et al.]. a1st ed. aSan Jose, CA :bIBM, International Technical Support Organization,cc2004. axxiv, 344 p. :bill.1 aIBM redbooks a"February 2004." aIncludes bibliographical references and index. aElectronic reproduction.bPalo Alto, Calif. :cebrary,d2009.nAvailable via World Wide Web.nAccess may be limited to ebrary affiliated libraries.00aIBM Database 2.00az/OS. 0aDatabase management. 7aElectronic books.2local1 aBruni, Paolo.2 aInternational Business Machines Corporation.bInternational Technical Support Organization.2 aebrary, Inc. 0aIBM redbooks.40uhttp://site.ebrary.com/lib/rucke/Doc?id=10112908zAn electronic book accessible through the World Wide Web; click to view